000 00367nam a22001457a 4500
005 20170801151848.0
008 170801b xxu||||| |||| 00| 0 eng d
040 _cPK-LaUMT
082 _aZIAC 297
_bISM-I
100 _aIsmail R. Al Faruqi
245 _aIslam/
_cIsmail R. Al Faruqi
260 _aNiles:
_bArgus communications,
_c1984
300 _a83 p.
942 _cBK
999 _c96163
_d96163